Statistics for Countries Bordering Poland - Map Quiz

Click here to take the quiz!

General Stats

  • This quiz has been taken 630 times
  • The average score is 6 of 7

Answers on the Map

Answers color-coded by a green-red scale on the quiz's map according to % correct below.
 

Answer Stats

Answer% Correct
Czech Republic
94%
Germany
94%
Belarus
92%
Ukraine
92%
Lithuania
91%
Slovakia
91%
Russia
90%

Score Distribution

Percentile by Number Answered

Percent of People with Each Score

Your Score History

You have not taken this quiz